Statystyki dla Polscy przewoźnicy kolejowi

Kliknij tutaj aby rozwiązać quiz!

Ogólne statystyki

  • Ten quiz został rozwiązany 305 razy
    (290 od ostatniego zresetowania)
  • Średni wynik to 7 z 15

Statystyki odpowiedzi

Nazwa Przewoźnika% Poprawnych
POLREGIO Przewozy Regionalne
78%
PKP Intercity
76%
Koleje Mazowieckie
75%
Koleje Śląskie
69%
Koleje Dolnośląskie
68%
Koleje Wielkopolskie
60%
Koleje Małopolskie
59%
Arriva RP
37%
Szybka Kolej Miejska w Warszawie
35%
Łódzka Kolej Aglomeracyjna
34%
PKP Szybka Kolej Miejska w Trójmieście
34%
Warszawska Kolej Dojazdowa
27%
SKPL
15%
Leo Express
13%
Usedomer Baderbahn
3%

Rozkład punktacji

Percentyl według liczby udzielonych odpowiedzi

Procent ludzi z każdym wynikiem

Twoja historia wyników

Nie rozwiązałeś tego quizu od ostatniego zresetowania